Регионална библиотека "Любен Каравелов" - Русе

Чохено контошче (Запис номер 139510)

MARC детайли
000 -Лидер
Контролно поле с фиксирана дължина 01325nam a2200325 a 4500
003 - Код на организацията, давaща контролен номер
Контролно поле BLK
005 - Дата и час на последна редакция
Контролно поле 20240604005356.0
008 - Елементи от данни с фиксирана дължина
fixed length control field 180409b bul|||||r ||||||| ||bul||
010 ## - Наследен системен номер
LC control number KNG00145557000
040 ## - Източник на каталожния запис
Идентификатор на билиотеката - собственик на записа BLK
041 ## - Код за език
Код за езика на текст/звукозапис или на отделно заглавие Български
Код за езика КДБФ Български
080 ## - УДК
Текстов определител УДК Българска литература
УДК код - определител по УДК 821.163.2
УДК определител -93-1
УДК - код + определител 821.163.2-93-1
100 ## - Редна дума - Автор
Автор Елин Пелин
Пълна форма на името Стоянов, Димитър Иванов
R(LIN) 363511
139 ## - Редно поле
Редна дума Елин Пелин
Авторски знак Елин Пелин - Е 53
245 10 - Сведения за заглавието
Заглавие Чохено контошче
Подзаглавни данни Приказка в стихове
Редно поле (дума) Елин Пелин; худож. Симеон Здравков Венов; Димитър Иванов Стоянов.
257 ## - Страна на издаване
Страна на създаване/издаване България
260 ## - Област на издателските данни
Име на издателя, разпространителя и проч. Бълг. художник
Година на издаване 1979
Място на издаване, разпространение и проч. София
300 ## - Физическа характеристика
Страници 20 с.
Илюстрации и др. с ил.
Размери/Мащаб 27 см
380 ## - Жанр
Жанр Детска худож. лит.
500 ## - Общи забележки
Забележка Истинското име на авт. е Димитър Иванов Стоянов. - Кор. опис. - 70 110 тир.
700 1# - Други автори (авторска отговорност)
Лично име Венов, Симеон Здравков
Автороска отговорност (Описва отношението между автора и произведението) худож.
9 (RLIN) 368591
700 1# - Други автори (авторска отговорност)
Лично име Стоянов, Димитър Иванов
Автороска отговорност (Описва отношението между автора и произведението) *
9 (RLIN) 365019
852 ## - Местоположение
Форматна сигнатура Цб ІІ 18126
856 4# - Електронен адрес и достъп
Електронен формат pdf - файл
856 4# - Електронен адрес и достъп
Електронен формат pdf - файл
999 ## - СИСТЕМНИ КОНТРОЛНИ НОМЕРА
Koha biblionumber 139510
Koha biblioitemnumber 139510
942 ## - АРТИКУЛИ
Вид на библиотечния материал Книги
Скрит в OPAC Не
Периодичен библиозапис Да
944 ## - СЪЗДАВАНЕ И РЕДАКЦИЯ на ЗАПИСА
Създаване/Редакция Създаване
Дата на регистрацията/редакция 11.07.2013
Статус, дата на статуса CRON CRON
Служител, извършил регистрацията/редакцията
944 ## - СЪЗДАВАНЕ И РЕДАКЦИЯ на ЗАПИСА
Създаване/Редакция Редакция
Дата на регистрацията/редакция 11.07.2013
Статус, дата на статуса 11.07.2013 - от С1,Р / 11.07.2013
999 ## - СИСТЕМНИ КОНТРОЛНИ НОМЕРА
Koha biblioitemnumber 139510
Наличности
Код за отписване Код за изгубен артикул Източник на класификационната схема Код за повреда Коз за рестрикции Код за отдаване Артикулен № Име на библиотеката - собственик Име на библиотеката, в която се намира в момента Статус (Текущо местоположение) Дата на вписване в системата Местоположение - отдел Цена в лева Инвентарен номер Систематично азбучна сигнатура Баркод Номер на екземпляра Цена в евро Служебна бележка Служебен тип на артикула
  Не е изгубен Universal Decimal Classification Не е повреден само за читалня ползва се в читалня 228462 Регионална библиотека "Любен Каравелов" Русе Регионална библиотека "Любен Каравелов" Русе Хранилище 1979-01-01 Хранилище 0.29 291842 Цб ІІ 18126 120000291842 1 0.15 N: стар фонд Дата: 01.01.1979 Книги
Изтеглен Не е изгубен Universal Decimal Classification Не е повреден без рестрикции заемане за дома 228463 Регионална библиотека "Любен Каравелов" Русе Регионална библиотека "Любен Каравелов" Русе Детски отдел 1979-01-01 Детски отдел 0.29 292347 ДХ 886.7/Е 53 292347 2 0.15 N: стар фонд Дата: 01.01.1979 Дата инв: 23.09.2015 Бележки инв: Д2015 Книги
Изтеглен Не е изгубен Universal Decimal Classification Не е повреден без рестрикции заемане за дома 228464 Регионална библиотека "Любен Каравелов" Русе Регионална библиотека "Любен Каравелов" Русе Детски отдел 1979-01-01 Детски отдел 0.29 292348 ДХ 886.7/Е 53 292348 3 0.15 N: стар фонд Дата: 01.01.1979 Дата инв: 23.09.2015 Бележки инв: Д2015 Книги
Изтеглен Не е изгубен Universal Decimal Classification Не е повреден без рестрикции заемане за дома 228465 Регионална библиотека "Любен Каравелов" Русе Регионална библиотека "Любен Каравелов" Русе Детски отдел 1979-01-01 Детски отдел 0.29 292350 ДХ 886.7/Е 53 292350 4 0.15 N: стар фонд Дата: 01.01.1979 Дата инв: 23.09.2015 Бележки инв: Д2015 Книги
Изтеглен Не е изгубен Universal Decimal Classification Не е повреден без рестрикции заемане за дома 228466 Регионална библиотека "Любен Каравелов" Русе Регионална библиотека "Любен Каравелов" Русе Детски отдел 1979-01-01 Детски отдел 0.29 292351 ДХ 886.7/Е 53 292351 5 0.15 N: стар фонд Дата: 01.01.1979 Дата инв: 23.09.2015 Бележки инв: Д2015 Книги
  Не е изгубен Universal Decimal Classification Не е повреден без рестрикции заемане за дома 228467 Регионална библиотека "Любен Каравелов" Русе Регионална библиотека "Любен Каравелов" Русе Детски отдел 1979-01-01 Детски отдел 0.29 292352 ДХ 886.7/Е 53 120000292352 6 0.15 N: стар фонд Дата: 01.01.1979 Дата инв: 23.09.2015 Бележки инв: Д2015 Книги
Изтеглен Не е изгубен Universal Decimal Classification Не е повреден без рестрикции заемане за дома 228468 Регионална библиотека "Любен Каравелов" Русе Регионална библиотека "Любен Каравелов" Русе Детски отдел 1979-01-01 Детски отдел 1.50 662901 ДХ 886.7/Е 53 662901 7 0.77 N: стар фонд Дата: 01.01.1979 Дата инв: 23.09.2015 Бележки инв: Д2015 Книги
Vip Innovations Ltd, Rousse, Bulgaria 2025